000
00246nam a2200109 a 4500
008
111128s2006|||| d
100
1
_a
Budzinski, T.
245
1
0
_a
Podkarpacie
260
_b
Libra
_a
Rzeszov
_c
2006
020
_c
150
044
_a
xo
_c
SK
999
_c
18344
_d
18344